Radnóti Miklós és Radnóti Miklósné Gyarmati Fanni hagyatéka

Titel: Radnóti Miklós és Radnóti Miklósné Gyarmati Fanni hagyatéka : a Magyar Tudományos Akadémia Könyvtár és Információs Központ Kézirattárában / Krähling Edit
Verfasser:
Veröffentlicht: Budapest : Magyar Tudományos Akadémia Könyvtár és Információs Központ, 2021
Format: Mehrteiliges Werk
Sprache: Ungarisch
RVK-Notation:
Schlagworte:
Bände: alle Bände anzeigen
ISBN: 9789637451744 ; 9637451749
Buchumschlag
X
alg: 51186529
001A    $03004:22-09-23 
001B    $03004:22-09-23 $t13:30:54.000 
001D    $03004:22-09-23 
001U    $0utf8 
001X    $00 
002@    $0Acu 
002C    $aText $btxt $2rdacontent 
002D    $aohne Hilfsmittel zu benutzen $bn $2rdamedia 
002E    $aBand $bnc $2rdacarrier 
003@    $0511865295 
004A    $A978-963-7451-74-4 
004A    $0963-7451-74-9 
007A    $0BV048593253 $aBVB 
010@    $ahun 
010E    $erda 
011@    $a2021 
021A    $aRadnóti Miklós és Radnóti Miklósné Gyarmati Fanni hagyatéka $da Magyar Tudományos Akadémia Könyvtár és Információs Központ Kézirattárában $hKrähling Edit 
028A    $BVerfasser $4aut $8Krähling, Edit [Tp3] $9499397231 
033A    $pBudapest $nMagyar Tudományos Akadémia Könyvtár és Információs Központ 
044A    $aRadnóti, Miklós / 1909-1944 / Corespondenţă / Cataloage $S#1 $N653 
044A    $aRadnóti, Miklósné Gyarmati Fanni / 1912-2014 / Corespondenţă / Cataloage $S#1 $N653 
044A    $aLiteratură maghiară / Istorie şi critică $S#0 $N653 
044K    $qBVB $#Rādnūtī, Mīklūš $#Rādnūtī, Miklūš $#Rādnotī, Mikloš $#Radnóczi, Miklós $7118597655 $8Radnóti, Miklós$Z1909-1944 [Tp1] $9086938630 
044K    $#Gyarmati, Fanni $#Radnóti, Miklósné Gyarmati Fanni $#Gyarmati Fanni, Radnóti Miklósné $7106374735X $8Radnóti, Miklósné$Z1912-2014 [Tp1] $9351608214 
044K    $qBVB $RUnveröffentlichtes Werk $RVorlass $#Nachlässe $74123811-4 $8Nachlass [Ts1] $9085410543 
045F    $a809 $eDDC23BSB 
045F/01 $a809 
045F/03 $f0904 
045F/03 $g439 
045Z    $8EK 2800 [Tkv] $9407790217 

lok: 51186529 24

exp: 51186529 24 1 #EPN
201B/01 $022-09-23 $t13:17:09.000 
201C/01 $022-09-23 
201U/01 $0utf8 
203@/01 $0124376256X 
208@/01 $a22-09-23 $bda 
209B/01 $aEinzelbestellung (050) $x09 
220C/01 $ahae
LEADER 00000nam a2200000 ca4500
001 511865295
003 DE-603
005 20230922133054.0
007 tu
008 230922s2021 xx |||| | u00||u|hun c
020 |a 9789637451744 
020 |a 9637451749 
035 |a (DE-599)BVBBV048593253 
040 |a DE-603  |b ger  |c DE-603  |d DE-603  |e rda 
041 |a hun 
082 0 4 |8 1\u  |a 809  |q DE-101  |2 23/BSB 
084 |a EK 2800  |0 (DE-625)24610:  |0 (DE-603)407790217  |2 rvk 
085 |8 1\u  |b 809 
085 |8 1\u  |z 1  |s 0904 
085 |8 1\u  |z 2  |s 439 
100 1 |a Krähling, Edit  |e Verfasser  |4 aut  |0 (DE-603)499397231  |0 (DE-588)1268018716  |2 gnd 
245 0 0 |a Radnóti Miklós és Radnóti Miklósné Gyarmati Fanni hagyatéka  |b a Magyar Tudományos Akadémia Könyvtár és Információs Központ Kézirattárában  |c Krähling Edit 
264 1 |a Budapest  |b Magyar Tudományos Akadémia Könyvtár és Információs Központ  |c 2021 
336 |a Text  |b txt  |2 rdacontent 
337 |a ohne Hilfsmittel zu benutzen  |b n  |2 rdamedia 
338 |a Band  |b nc  |2 rdacarrier 
600 1 7 |a Radnóti, Miklós  |d 1909-1944  |0 (DE-588)118597655  |0 (DE-603)086938630  |2 gnd 
600 1 7 |a Radnóti, Miklósné  |d 1912-2014  |0 (DE-588)106374735X  |0 (DE-603)351608214  |2 gnd 
650 7 |a Nachlass  |0 (DE-588)4123811-4  |0 (DE-603)085410543  |2 gnd 
924 0 |9 603  |a (DE-603)124376256X  |b DE-603  |c HES  |d d